| 000 -LEADER |
| fixed length control field |
00677nam a22001337a 4500 |
| 040 ## - CATALOGING SOURCE |
| Transcribing agency |
rua |
| 082 ## - DEWEY DECIMAL CLASSIFICATION NUMBER |
| Classification number |
VEM PHA 2024 B1-330 Or. |
| 100 ## - MAIN ENTRY--AUTHOR NAME |
| Personal name |
PHALLA DAVID,ផល្លា ដេវិដ |
| 245 ## - TITLE STATEMENT |
| Title |
CASE OF SALMONELLA SPP. ON PORK AT MARKET IN ROKA KRAV COMMUNE, KRONG DOUN KAEV, TAKEO PROVINCE,ករណី SALMONELLA SPP. លើសាច់ជ្រូក នៅផ្សារក្នុងឃុំរកាក្រៅ ក្រុងដូនកែវ ខេត្តតាកែវ |
| 260 ## - PUBLICATION, DISTRIBUTION, ETC. (IMPRINT) |
| Place of publication |
phnom penh |
| Name of publisher |
rua |
| Year of publication |
2024 |
| 300 ## - PHYSICAL DESCRIPTION |
| Number of Pages |
ix.39p. |
| Other physical details |
ill. |
| Dimensions |
29cm. |
| 856 ## - ELECTRONIC LOCATION AND ACCESS |
| Uniform Resource Identifier |
https://drive.google.com/file/d/1RpQNV2KJRu7I_Obsk_vF6qrCSICOcmoe/view?usp=sharing |
| 942 ## - ADDED ENTRY ELEMENTS (KOHA) |
| Koha item type |
VEM |
| 952 ## - LOCATION AND ITEM INFORMATION (KOHA) |
| Withdrawn status [LOCAL, KOHA] |
0 |
| 952 ## - LOCATION AND ITEM INFORMATION (KOHA) |
| Withdrawn status [LOCAL, KOHA] |
0 |